Dürre Krèauter (Record no. 148221)

MARC details
000 -LEADER
campo de control de longitud fija 00601nam a2200181 4500
001 - NÚMERO DE CONTROL
campo de control 148221
003 - IDENTIFICADOR DE NÚMERO DE CONTROL
campo de control ES-MaACL
007 - CAMPO FIJO DE DESCRIPCIÓN FÍSICA--INFORMACIÓN GENERAL
campo de control de longitud fija t|
008 - DATOS DE LONGITUD FIJA--INFORMACIÓN GENERAL
campo de control de longitud fija 070214s1951 gw r ||||1| ger d
100 1# - ENTRADA PRINCIPAL--NOMBRE DE PERSONA
Nombre de persona Stolz, Alban.
9 (RLIN) 108296
245 10 - MENCIÓN DEL TÍTULO
Título Dürre Krèauter
Resto del título : Zweite Fortsetzung der `Witterungen der Seele` /
Mención de responsabilidad, etc. Alban Stolz ; mit einer Einsührung von Dr. Julius Mayer.
250 ## - MENCION DE EDICION
Mención de edición 6 und 7 Aufl.
260 ## - PUBLICACIÓN, DISTRIBUCIÓN, ETC.
Lugar de publicación, distribución, etc. Freiburg im Breisgau :
Nombre del editor, distribuidor, etc. Herder,
Fecha de publicación, distribución, etc. 1951.
300 ## - DESCRIPCIÓN FÍSICA
Extensión VIII, 2 h., 592 p. ;
Dimensiones 17 cm.
700 1# - ENTRADA AGREGADA--NOMBRE PERSONAL
Nombre de persona Mayer, Julius.
9 (RLIN) 79357
740 0# - ENTRADA AGREGADA--TÍTULO RELACIONADO/ANALÍTICO NO CONTROLADO
Título relacionado o analítico no controlado Witterungen der Seele.
852 ## - LOCALIZACIÓN
Ubicación ES-MaACL
Número de control de estantería C-8054
Sublocalización o colección R.35772
Holdings
Estatus retirado Estado de pérdida Estado de daño No para préstamo Biblioteca de origen Biblioteca actual Ubicación en estantería Fecha de adquisición Fuente de adquisición Total de préstamos Signatura topográfica completa Código de barras Visto por última vez Precio de reemplazo Tipo de ítem Koha
        Biblioteca del Ateneo de Madrid Biblioteca del Ateneo de Madrid Sala Palomar 17/01/2008     C-8054 1154683 23/02/2023 23/02/2023 Libro impreso